Organisational Behaviour (Record no. 4533)

MARC details
000 -LEADER
fixed length control field 00372nam a22001577a 4500
005 - DATE AND TIME OF LATEST TRANSACTION
control field 20180727155245.0
008 - FIXED-LENGTH DATA ELEMENTS--GENERAL INFORMATION
fixed length control field 160628b xxu||||| |||| 00| 0 eng d
041 ## - LANGUAGE CODE
Language code of text/sound track or separate title eng
082 ## - DEWEY DECIMAL CLASSIFICATION NUMBER
Item number 10945
Classification number 658.3
100 ## - MAIN ENTRY--AUTHOR NAME
Personal name Sapre, Late Prof, R.
245 ## - TITLE STATEMENT
Title Organisational Behaviour
260 ## - PUBLICATION, DISTRIBUTION, ETC. (IMPRINT)
Name of publisher Symbions
Year of publication 2004
300 ## - PHYSICAL DESCRIPTION
Number of Pages 211p,
650 ## - SUBJECT ADDED ENTRY--TOPICAL TERM
Topical Term Management
942 ## - ADDED ENTRY ELEMENTS (KOHA)
Koha item type Books
Holdings
Lost status Damaged status Collection code Home library Current library Shelving location Date acquired Full call number Accession Number Koha item type
    MANAGEMENT JRU Library JRU Library SHELF-64-G 28/06/2016 658.3 10945 Books